O estado (Registo nº 199527)

Detalhes MARC
000 -Etiqueta do registo
Valores 00457nam 22001693 4500
100 ## - Dados gerais de processamento
Dados gerais 20251215d u||y0pory50 ba
200 ## - Titulo e menção de responsabilidade
Título próprio O estado
Primeira menção de responsabilidade Georges Burdeau
210 ## - Publicação
Local de publicação Lisboa
Nome do editor Publicações Europa-América
Data de publicação copy. 1970
215 ## - Descrição física 
Paginação / Volumes 202 p.
Outras indicações físicas brochado
Dimensões 18 cm
606 ## - Nome comum usado como assunto
ID Autoridade 1246
Palavra de ordem Política
675 ## - CDU
Notação 32
Edição PT
Língua por
700 ## - Autor principal (pessoa individual)
ID Autoridade 15364
Apelido Burdeau
Nome Georges
801 ## - Fonte de origem
País PT
Agência BMMN
Regras de catalogação RPC
830 ## - Notas gerais do catalogador
Criado por Fernando
Indexado por Fernando
990 ## - Elementos KOHA
Tipo de documento Livro
Exemplares
Situação do levantamento Biblioteca de origem Código de barras Cota Permissão de empréstimo Tipo de documento Forma de aquisição
  Biblioteca Municipal de Montemor-o-Novo 28417 32 BUR|DEP   Livro Compra

Powered by Koha